| 000 | 00420nam a2200157Ia 4500 | ||
|---|---|---|---|
| 003 | GCL | ||
| 008 | 140319s9999 xx 000 0 eng d | ||
| 040 |
_aGCL / _cGCL |
||
| 082 | 0 | 4 |
_a133.5 _bD E |
| 100 | 1 | _aDARIES,JILL | |
| 245 | 1 | 0 |
_aEVERY DEY ASTROLOGY:AGUIDE TO UNDERSTONING YOUR BOROSCPE / _cDARIES,JILL |
| 260 |
_a[S.N] : _bCHANCELLOR PRESS ، _c1992 |
||
| 300 | _a160P | ||
| 650 | 0 | 4 | _aASTROLOGY |
| 942 |
_2ddc _cBK |
||
| 999 |
_c11404 _d11404 |
||